Statystyki dla Paremia Łacińskie

Kliknij tutaj aby rozwiązać quiz!

Ogólne statystyki

  • Ten quiz został rozwiązany 14 razy
  • Średni wynik to 67 z 95

Statystyki odpowiedzi

ZagadnienieOdpowiedź% Poprawnych
Actus simulatus nullius est momenticzynność pozorna jest nieważna
100%
Actori incumbit probationa powodzie spoczywa ciężar dowodu
100%
Accessio cedit principaliprzyrost przypada rzeczy głównej
100%
Actor sequitur forum reipowód idzie za pozwanym
90%
ab inito mullum semper nullum semper nullumto co jest od początku nieważne, jest zawsze nieważne.
90%
Ei incumbit probatio, qui dicit, non qui negatciężar dowodu spoczywa na tym kto twierdzi, nie na tym, kto zaprzecza
80%
Da mihi factum, dabo tibi iusdaj mi okoliczności faktyczne, a ja wskażę Ci prawo.
80%
. Iuris praecepta sunt haec: honeste vivere, alterum non laedere, suum cuique tribuerenakazy prawa są następujące: uczciwie żyć, nie szkodzić drugiemu, oddawać każdemu co mu się należy.
80%
Audiatur et altera parsniech będzie wysłuchana i druga strona.
80%
Bis de eadem re agere non licetnie wolno procesować się dwa razy w tej samej sprawie.
80%
Ignorantia iuris nocet, ignorantia facti non nocet –nieznajomość prawa szkodzi, nieznajomość faktu nie szkodzi.
80%
Consensus facit nuptiaso zawarciu małżeństwa decydują zgodne oświadczenia woli.
80%
Et non facere, facere estpowstrzymanie się od działania jest także działaniem
80%
Adoptio naturam imitaturprzysposobienie naśladuję naturę
80%
In conventionibus contrahentium voluntas potius quam verba spectanda suntprzy zawieraniu umów uwzględnia się bardziej wolę stron niż ich słowa
80%
Dura lex, sed lexsurowe prawo, ale prawo
80%
Lex retro non agitustawa nie działa wstecz.
80%
Lex non obligat, nisi promulgataustawa nie obowiązuje, jeżeli nie została ogłoszona
80%
Lex specialis derogat legi generaliustawa szczególna uchyla (znosi) ustawę ogólną
80%
Genus perire non censeturuważa się, że gatunek nie ginie
80%
Ambulatoria est voluntas testatoris usque ad mortemwola spadkodawcy może być zmieniona aż do śmierci.
80%
In dubio pro reow razie wątpliwości na korzyść pozwanego.
80%
Impossibilium nulla obligatio estzobowiązanie do świadczenia niemożliwego nie istnieje
80%
Appellatione extinguitur iudicatum –– apelacja znosi wyrok.
70%
Furiosi voluntas nulla estchory umysłowo nie ma woli; nie jest zdolny do wyrażenia woli.
70%
Tempus regit actumczas rządzi czynnością prawną.
70%
Factum executoris factum partisczynność przedstawiciela jest czynnością strony
70%
Acta publica probant se ipsadokumenty urzędowe świadczą same za siebie.
70%
Errantis nulla voluntas estdziałający pod wpływem błędu nie wyraża woli
70%
Hereditas nihil aliud est, quam successio in universum ius, quod defunctus habueritdziedziczenie jest wejściem w ogół praw i obowiązków zmarłego.
70%
Quot generationes tot gradus –ile urodzeń tyle stopni
70%
Graviore culpa gravior poenaim większa wina, tym surowsza kara
70%
Clara non sunt interpretandajasne wyrażenie nie podlega interpretacji.
70%
Testis unus, testis nullus– jeden świadek, żaden świadek
70%
Nulla poena sine legekara za czyn musi być określona w ustawie.
70%
. In poenam heres non succeditkary spadkobierca nie dziedziczy
70%
Qui iure suo utitur, neminem laeditkto nie przekracza przysługującego mu prawa, nie narusza praw drugiego.
70%
Qui curat, non curaturkto sam podlega kurateli nie może jej sprawować nad inną osob
70%
Qui testamento heres instituitur, in eodem testamento testis esse non potestkto w testamencie jest dziedzicem niemoże w tym samym testamencie występować jako świadek.
70%
Mater semper certa est: pater est, quem nuptiae demonstrantmatka jest zawsze pewne, ojcem jest ten, kogo wskazuje małżeństwo.
70%
. Summum ius summa iniuria –najwyższe prawo najwyższym bezprawiem
70%
Nulla poena sine culpa–nie ma kary bez winy
70%
Nullum crimen sine poenanie ma przestępstwa bez kary.
70%
Nullum crimen sine legenie ma przestępstwa bez ustawy.
70%
Non omne, quod licet, honestum estnie wszystko co dozwolone jest uczciwe
70%
Neminem captivabimus nisi iure victumnikogo nie będziemy więzili, chyba, że skazanego prawomocnym wyrokiem.
70%
Nemo iudex in sua causanikt nie może być sędzią we własnej sprawie
70%
Nemo plus iuris ad alium transferre potest, quam ipse habetnikt nie może przenieść na drugiego więcej prawa niż ma.
70%
Cogitationis poenam nemo patiturnikt nie ponosi kary za myślenie.
70%
Fraus est fraudem celareoszustwem jest ukrywać oszustwo
70%
Prior tempore potior iurepierwszy w czasie lepszy prawem
70%
Possessionem adquirimus et animo et corporeposiadanie nabywamy przez fizyczne objęcie rzeczy i zamiar zatrzymania jej dla siebie.
70%
Compensatio est debiti et crediti inter se contributio–potrącenie jest wzajemnym zaliczeniem długu wierzytelności.
70%
Separata esse debet possessio a proprietatepowinno się oddzielać posiadanie od własności.
70%
Affines sunt viri et uxoris cognatipowinowatymisą krewni męża i żony.
70%
Publicum ius est, quod ad statum rei Romanae spectat; privatum quod ad singulorum utilitatemprawem publicznym jest to, które ma względzie dobro państwa rzymskiego; prywatnym, które ma na względzie dobro jednostek.
70%
Ius publicum privatorum pactis mutari non potestprawo publiczne nie może być zmieniane umowami osób prywatnych.
70%
Crimina morte extinguunturprzestępstwa wygasają wskutek śmierci sprawcy
70%
. Confessio est regina probationumprzyznanie się do winy jest królową dowodów
70%
. Species perit ei cui debetur –rzecz indywidualnie oznaczona ginie na szkodę wierzyciela.
70%
Res nullius cedit primo occupantirzecz niczyja przypada temu, kto pierwszy ją zawłaszczył.
70%
Iura novit curiasąd zna prawo
70%
Reformationis in peius iudici appellato non licesędziemu apelacyjnemu nie wolno zmieniać wyroku na niekorzyść zasądzonego
70%
Iustitia est constans et perpetua voluntas ius suum cuique tribuendisprawiedliwość jest niezmienną i trwałą wolą oddania każdemu, co mu się należy
70%
Lege non distinguente nec nostrum est distingueretam gdzie ustawa nie rozróżnia, nie naszą rzeczą jest wprowadzać rozróżnienie
70%
Eius est tollere legem, cuius est condereten może uchylić ustawę, kto może ją uchwalić
70%
Dies interpellat pro hominetermin wzywa za człowieka.
70%
Tres faciunt collegiumtrzech tworzy związek
70%
Pacta sunt servanda– umów należy dotrzymywać
70%
Lex prospicit, non respicitustawa patrzy naprzód, a nie wstecz.
70%
Lex posterior derogat legi prioriustawa późniejsza uchyla (znosi) wcześniejszą.
70%
Lex superior derogat legi inferioriustawa wyższego rzędu uchyla ustawę niższego rzędu.
70%
Leges ab omnibus intellegi debent –ustawy powinny być zrozumiałe dla wszystkich
70%
Omnis definitio in iure civili periculosa est, parum est enim, ut non subverti potestwszelka definicja w prawie cywilnym jest niebezpieczna, ponieważ rzadko się zdarza, by nie można było jej podważyć.
70%
Omnia sunt interpretandawszystko podlega interpretacji
70%
Ubi eadem ratio, ibi eadem legis dispositiow takich samych okolicznościach należy stosować takie same rozwiązania prawne.
70%
In testamentis plenius testatoris intentionem scrutamurw testamencie należy badać zamiar spadkodawcy.
70%
. Sententia facit ius (inter partes)wyrok tworzy prawo pomiędzy stronami.
70%
Usucapio est adiectio dominii per continuationem possessionis temporis lege definitizasiedzenie jest nabyciem własności na skutek ciągłego posiadania przez oznaczony prawem czas.
70%
Contractus ab initio voluntatis est, ex post facto necessitatiszawarcie kontraktu jest dobrowolne, ale wykonanie przymusowe.
70%
Obligatio est iuris vinculum quo necessitate adstringimur alicuius solvendae rei secundum nostrae civitatis iurazobowiązanie jest węzłem prawnym, który zmusza nas do świadczenia pewnej rzeczy według praw naszego państwa.
70%
Mora trahit periculumzwłoka pociąga za sobą ryzyko.
70%
Iniuria non excusat iniuriambezprawie nie usprawiedliwia bezprawia
60%
. Nasciturus pro iam nato habetur, quotiens de commodis eius agiturdziecko poczęte uważa się za narodzone, ilekroć chodzi o jego korzyści.
60%
Semel heres semper hereskto zostaje dziedzicem raz, pozostaje nim na zawsze.
60%
Ius est ars boni et aequiprawo jest sztuką (umiejętnością) stosowania tego co dobre i słuszne.
60%
Vim vi repellere licetsiłę wolno odeprzeć siłą
60%
Manifestum non eget probationeto co oczywiste nie wymaga dowodu.
60%
Superficies solo ceditto co znajduję się na gruncie, przypada gruntowi.
60%
Abrogatalege abrogante non reviviscit lex abrogatauchylenie ustawy uchylającej ustawy nie przywraca obowiązywalności uchylonej ustawy.
60%
. Legem brevem esse oportet –– ustawa powinna być zwięzła
60%
Agere non valenti non currit praescriptio –przedawnienie nie biegnie względem tego, kto jest niezdolny do dochodzenia swych roszczeń przed sądem
50%
Male nostro iure uti non debemusnie powinniśmy źle korzystać z przysługującego nam prawa.
40%
. Debet quis iuri subiacere, ubi deliquit –podlega się prawu miejsca dokonania przestępstwa.
20%
Volenti non fit iniuriachcącemu nie dzieje się krzywda.
10%

Rozkład punktacji

Percentyl według liczby udzielonych odpowiedzi

Procent ludzi z każdym wynikiem

Twoja historia wyników

Nie rozwiązałeś tego quizu